| 000 | 00353cam a22001217a 4500 | ||
|---|---|---|---|
| 008 | 180718b1958 xxu||||| |||| 00| 0 eng d | ||
| 082 | _aN1x73 P317 | ||
| 100 | _aPearson, Drew | ||
| 245 |
_aU.S.A. - second - class power ? _cby Drew Pearson and Jack Anderson |
||
| 260 |
_aNew York _bSimon and Schuster _c1958 |
||
| 300 | _a334p. | ||
| 700 | _aAnderson, Jack | ||
| 999 |
_c435505 _d435505 |
||